000 00280nam a22001337a 4500
008 170407b xxu||||| |||| 00| 0 eng d
020 _a9781582557281
041 _aeng
080 _a616
100 _a9
101 _ashm
245 _aPATHOSIOLOGY
_cWILIAMS.L
942 _2udc
_cBK
999 _c10155
_d10155